000 01461cab a2200193 4500
001 ABS38632
008 090401t1987 xxu||||| |||| 00| 0 eng d
035 _a(Sirsi) u11609
041 _aeng
245 _aOffice market
260 _c1987
350 _a0
490 _aEstates Times
_vSupplement, Autumn 1987, 75 pages (LOAN)
520 _aArticles include:- 1. Stock market sees red: can property survive. H. Jones gives an overview of the economy and its effect on commercial property after the stock market crash . p5-6(2). 2. Record growth follows economic recovery. J. Hetherington gives an analysis of rental growth. p9-15(3). 3. Future demand depends on service sector growth. F. Dijkstra looks at supply and demand. p16-19(2). 4. Yields hit the big time once more. A. McIntosh p21-24(2). 5. Long and short of it: new forms of finance. P. King looks at funding . p27-29(3). 6. Reform could revolutionise office space costs. P. Evans analyses the possible effects of rating reform . p31-34(3). 7. Councils fight to suppress mixed use development. P. Sherman looks at the effect of the Use Classes Order . p37-41(3) 8. South East overheating gives hope to North . M. Lodge looks at planning policy and its effects on the North-South divide . p43-46(3). 9. Making their presence felt in the city. A. Seidl analyses the Japan ese influ
650 _aTENANTS REQUIREMENTS
690 _aPROPERTY-COMMERCIAL PROPERTY
942 _n0
948 _c04/03/1997
999 _c7406
_d7406